000 01031nam a2200313 i 4500
001 000015481
003 DO-SdBNP
005 20260417092018.0
007 ta
008 100210s2004 dr r 000 f spa d
020 _a8495193183
040 _aDO-SdBNP
_bspa
_cBNPHU
_erda
041 _aspa
082 4 _a863.44
_bO15s
_222
100 1 _aOcaña, Antonio,
_d1922-
_eautor
_934964
_4aut,.
245 1 0 _aSanta abundancia /
_cAntonio Ocaña ; edición, Juany Uribe
260 _aSanto Domingo, República Dominicana :
_bEditora Búho,
_c2004.
300 _a309 páginas ;
_c23 cm.
336 _ardacontent
_btxt
_2rdacontent
337 _asin mediación
_bn
_2rdamedia
338 _avolumen
_bnc
_2rdacarrier
534 _aIncluye datos biográficos del autor en la contracubierta.
590 _aInventariado, 2020/MAA
650 4 _aNovela española
_91123
650 4 _aLiteratura española
_9632
700 1 _aUribe, Juany
_eedicion
_4ed.
_982599
910 _aValidado. Control de calidad. MMOLINA
942 _2ddc
_cLBS1
999 _c15037
_d15037